000 00909nam2a22002651 4500
001 v19\rc\1627751
005 20250618232409.0
035 _a(NLR Aleph) 004743820
090 _a4505449
_c4505449
100 _a20061002d1899 |||y0rusy50 ca
101 0 _arus
102 _aRU
105 _ay z |||||
200 0 _a[Т. 1]. Вып. 6
210 _d1899
_aБ. м.
215 _a[16] с.
461 0 _1001v19\rc\1627744
_12001#$aМатериалы для статистики Лифляндской губернии$e[Т. 1]-$v[Т. 1]. Вып. 6
_94505418
_cРига
_d1899-1910
_o[Т. 1]-
_tМатериалы для статистики Лифляндской губернии
_v[Т. 1]. Вып. 6
801 0 _aRU
_bNLR
_gpsbo
801 0 _aRU
_bRuMoRGB
_2psbo
801 1 _aRU
_bProSoft-M
_2rusmarc
852 _aNLR
_j20.101.1.4
899 _aRuMoRGB
_jA 224/96
899 _aГПИБ
942 _cBOOK
980 _aNB